[Event "VII C.to Italiano U20"]
[Site "Laveno-Mombello ITA"]
[Date "1999.08.13"]
[Round "3"]
[White "Lorusso, Giuseppe"]
[Black "Ferro, Mario"]
[Result "0-1"]
[WhiteElo "1528"]
[BlackElo "1807"]
[PlyCount "88"]
[EventDate "1999.08.11"]

1. d4 d6 2. c4 Nf6 3. Nc3 g6 4. e4 Bg7 5. Nf3 Bg4 6. Be2 c6 7. O-O O-O 8. h3
Bxf3 9. Bxf3 e5 10. d5 Qc7 11. Be3 Nfd7 12. Be2 f5 13. f3 f4 14. Bf2 a6 15. Rc1
c5 16. a3 Nf6 17. b4 Nbd7 18. Na4 Nh5 19. Qc2 Ng3 20. Rfd1 Rf6 21. bxc5 dxc5
22. Rb1 Rb8 23. Rb3 Qa5 24. Nc3 Nb6 25. Be1 Nc8 26. Rdb1 Qc7 27. Qb2 b6 28. a4
Bf8 29. a5 Be7 30. Na4 Bd8 31. Bf2 b5 32. Nxc5 Be7 33. Nxa6 Rxa6 34. cxb5 Rxa5
35. b6 Nxe2+ 36. Qxe2 Qb7 37. Qb2 Bd6 38. Rc1 Rba8 39. Be1 Ra2 40. Qc3 Nxb6 41.
Bf2 Rc8 42. Qe1 Rxf2 43. Rxc8+ Qxc8 44. Kxf2 Qc2+ 0-1

[Event "VII C.to Italiano U20"]
[Site "Laveno-Mombello ITA"]
[Date "1999.08.13"]
[Round "3"]
[White "Mazzilli, Piero"]
[Black "Mariano, Elia"]
[Result "1/2-1/2"]
[WhiteElo "2131"]
[BlackElo "2235"]
[PlyCount "76"]
[EventDate "1999.08.11"]

1. e4 e6 2. d3 d5 3. Nd2 Nf6 4. Ngf3 b6 5. g3 dxe4 6. dxe4 Be7 7. Bg2 Ba6 8. c4
O-O 9. O-O Bb7 10. Qe2 c5 11. e5 Nfd7 12. Ne4 Qc7 13. Bf4 Nc6 14. Rad1 Rad8 15.
Nf6+ Nxf6 16. exf6 Bd6 17. fxg7 Kxg7 18. Bxd6 Rxd6 19. Rxd6 Qxd6 20. Rd1 Qc7
21. Ng5 h6 22. Qxe6 Rd8 23. Re1 hxg5 24. Qf5 Rd6 25. Be4 Rg6 26. Qg4 Ne5 27.
Qh5 Bxe4 28. Rxe4 Qd6 29. h4 f5 30. Re3 Nxc4 31. Re8 Kf7 32. Ra8 Qe7 33. Qh7+
Kf6 34. hxg5+ Rxg5 35. Qh8+ Kf7 36. Qh7+ Kf6 37. Qh8+ Kf7 38. Qh7+ Kf6 1/2-1/2

[Event "VII C.to Italiano U20"]
[Site "Laveno-Mombello ITA"]
[Date "1999.08.13"]
[Round "3"]
[White "Tappeiner, Michael"]
[Black "Arcion, Riccardo"]
[Result "1/2-1/2"]
[WhiteElo "1579"]
[BlackElo "1536"]
[PlyCount "38"]
[EventDate "1999.08.11"]

1. d4 Nf6 2. c4 e6 3. Bg5 Be7 4. Nc3 d5 5. e3 O-O 6. Nf3 h6 7. Bxf6 Bxf6 8. Be2
c6 9. O-O dxc4 10. Bxc4 b5 11. Bd3 Bb7 12. Ne4 Be7 13. Rc1 Nd7 14. Qe2 a6 15.
Rfd1 Qb6 16. Ne5 Nxe5 17. dxe5 Rfd8 18. Qg4 Kf8 19. Qh5 c5 1/2-1/2

[Event "VII C.to Italiano U20"]
[Site "Laveno-Mombello ITA"]
[Date "1999.08.13"]
[Round "3"]
[White "Tomba, Ivan"]
[Black "De Bortoli, Peter"]
[Result "0-1"]
[WhiteElo "2010"]
[BlackElo "2225"]
[PlyCount "88"]
[EventDate "1999.08.11"]

1. e4 d6 2. d4 f5 3. Nc3 Nf6 4. Bd3 Nc6 5. Nf3 fxe4 6. Nxe4 Bg4 7. c3 Qd7 8.
O-O e6 9. Re1 d5 10. Ng3 Bd6 11. Nf5 O-O-O 12. Nxd6+ Qxd6 13. h3 Bxf3 14. Qxf3
Rhf8 15. Rxe6 Qd7 16. Bf5 Ne4 17. Rf6 Rxf6 18. Bxd7+ Rxd7 19. Qh5 g6 20. Qh4
Rxf2 21. Qxe4 dxe4 22. Kxf2 Rf7+ 23. Ke3 Rf1 24. Kxe4 Ne7 25. g4 Re1+ 26. Kf3
Nd5 27. Kf2 Rh1 28. Ke2 Nf4+ 29. Kd2 Nxh3 30. Kc2 Nf2 31. g5 Kd7 32. Rb1 Nh3
33. d5 Rg1 34. Be3 Rg2+ 35. Kd3 Nxg5 36. Rf1 h5 37. Rf6 Nh3 38. Rf3 Ng1 39. Rf8
h4 40. Bc5 b6 41. Rf7+ Kc8 42. Rf8+ Kb7 43. d6 cxd6 44. Bf2 h3 0-1

[Event "VII C.to Italiano U20"]
[Site "Laveno-Mombello ITA"]
[Date "1999.08.13"]
[Round "3"]
[White "Trentini, Danilo"]
[Black "Berni, Giorgio"]
[Result "1-0"]
[WhiteElo "2100"]
[BlackElo "1665"]
[PlyCount "102"]
[EventDate "1999.08.11"]

1. d4 Nf6 2. c4 g6 3. Nc3 Bg7 4. e4 d6 5. Nf3 Nbd7 6. Be2 O-O 7. O-O e5 8. Re1
exd4 9. Nxd4 Nc5 10. Bf1 a5 11. Ndb5 Be6 12. f3 Nfd7 13. Be3 b6 14. Qd2 Ne5 15.
b3 Nc6 16. Rad1 Qd7 17. Nd5 Bxd5 18. cxd5 Ne5 19. Bd4 f5 20. f4 Nxe4 21. Qb2
Ng4 22. Bxg7 Qxg7 23. Qxg7+ Kxg7 24. Nxc7 Rac8 25. Ne6+ Kf7 26. Nxf8 Kxf8 27.
Rc1 Rc5 28. Rxc5 dxc5 29. Bd3 Ngf6 30. Bxe4 Nxe4 31. g4 Ke7 32. Kg2 Kd6 33.
gxf5 gxf5 34. Kf3 Kxd5 35. Rd1+ Kc6 36. Rd8 Nc3 37. a4 Na2 38. Rh8 Nc1 39. Rxh7
Nxb3 40. Ke3 c4 41. Rh5 Kc5 42. Rxf5+ Kb4 43. Rb5+ Kxa4 44. Rxb6 c3 45. Kd3
Nc1+ 46. Kc2 Ne2 47. Rb8 Ka3 48. h4 a4 49. h5 Nxf4 50. h6 Ka2 51. h7 Ng6 1-0

[Event "VII C.to Italiano U20"]
[Site "Laveno-Mombello ITA"]
[Date "1999.08.14"]
[Round "4"]
[White "Arcion, Riccardo"]
[Black "Forato, Piero"]
[Result "0-1"]
[WhiteElo "1536"]
[BlackElo "1665"]
[PlyCount "62"]
[EventDate "1999.08.11"]

1. d4 Nf6 2. c4 g6 3. Nc3 Bg7 4. e4 d6 5. f4 O-O 6. Nf3 c5 7. d5 e6 8. Be2 exd5
9. cxd5 a6 10. a4 Re8 11. e5 dxe5 12. fxe5 Ng4 13. O-O Nxe5 14. Nxe5 Bxe5 15.
Bc4 Qh4 16. Bf4 Bxf4 17. g3 Be3+ 18. Kh1 Qxc4 19. Qf3 Bf5 20. Rae1 Be4 21. Nxe4
Qxe4 22. Rxe3 Qxf3+ 23. Rexf3 f5 24. Rb3 Re7 25. d6 Rd7 26. Re1 Nc6 27. Rc3
Rxd6 28. Rxc5 Rad8 29. Re3 Rd1+ 30. Kg2 R1d2+ 31. Kh3 Rxb2 0-1

[Event "VII C.to Italiano U20"]
[Site "Laveno-Mombello ITA"]
[Date "1999.08.14"]
[Round "4"]
[White "Artizzu, Giulio"]
[Black "Delfino, Luigi"]
[Result "1/2-1/2"]
[WhiteElo "1825"]
[BlackElo "1909"]
[PlyCount "23"]
[EventDate "1999.08.11"]

1. e4 c6 2. d4 d5 3. Nc3 dxe4 4. Nxe4 Nd7 5. Nf3 Ngf6 6. Ng3 e6 7. Bd3 Bd6 8.
O-O Qc7 9. Re1 O-O 10. b3 Bb4 11. Bd2 Bxd2 12. Qxd2 1/2-1/2

[Event "VII C.to Italiano U20"]
[Site "Laveno-Mombello ITA"]
[Date "1999.08.14"]
[Round "4"]
[White "Berni, Giorgio"]
[Black "Tappeiner, Michael"]
[Result "1/2-1/2"]
[WhiteElo "1665"]
[BlackElo "1579"]
[PlyCount "40"]
[EventDate "1999.08.11"]

1. e4 e5 2. Nf3 Nc6 3. Bb5 a6 4. Ba4 Nf6 5. O-O b5 6. Bb3 Be7 7. Re1 d6 8. c3
Na5 9. Bc2 c5 10. h3 Nc6 11. d4 O-O 12. d5 Nb8 13. Nbd2 Ne8 14. Nf1 g6 15. Bh6
Ng7 16. g4 Nd7 17. Ng3 Kh8 18. Qd2 Nf6 19. Kh1 Ng8 20. Bg5 Bxg5 1/2-1/2

[Event "VII C.to Italiano U20"]
[Site "Laveno-Mombello ITA"]
[Date "1999.08.14"]
[Round "4"]
[White "Bonzano, Maria Angela"]
[Black "Gianfrancesco, Alessandro"]
[Result "1/2-1/2"]
[WhiteElo "1593"]
[BlackElo "1624"]
[PlyCount "26"]
[EventDate "1999.08.11"]

1. d4 d5 2. c4 e6 3. cxd5 exd5 4. Nc3 Nf6 5. Bg5 Be7 6. e3 O-O 7. Bd3 h6 8. Bh4
c6 9. Nge2 Ng4 10. Bg3 Bd6 11. O-O Re8 12. f3 Nf6 13. Bf2 Qc7 1/2-1/2

[Event "VII C.to Italiano U20"]
[Site "Laveno-Mombello ITA"]
[Date "1999.08.14"]
[Round "4"]
[White "Cacco, Christian"]
[Black "Dorighet, Claudio"]
[Result "1-0"]
[WhiteElo "2292"]
[BlackElo "2121"]
[PlyCount "97"]
[EventDate "1999.08.11"]

1. d4 e6 2. Nf3 f5 3. g3 Be7 4. Bg2 Nf6 5. c4 O-O 6. O-O d6 7. Nc3 Qe8 8. Qc2
Qg6 9. b4 Nbd7 10. c5 c6 11. cxd6 Bxd6 12. b5 c5 13. Ba3 a6 14. Rfd1 Qe8 15.
Na4 axb5 16. Bxc5 Nxc5 17. Nxc5 Rb8 18. Ne5 b6 19. Ncd3 Bb7 20. Bxb7 Rxb7 21.
Rac1 Rc7 22. Qb3 Nd5 23. Rxc7 Bxc7 24. Rc1 Qa8 25. Nf4 Bxe5 26. Nxd5 Bxd4 27.
Nf4 Bf6 28. Nxe6 Rf7 29. Qxb5 Be7 30. Qd7 Bc5 31. Qd3 Be7 32. Qc4 Qa3 33. Qc8+
Bf8 34. Ng5 Rf6 35. Qc4+ Kh8 36. Rc3 Qe7 37. Re3 Qd7 38. Rd3 Qe7 39. Qc8 h6 40.
Re3 Qd6 41. Ne6 Qd1+ 42. Kg2 Qd5+ 43. f3 Kg8 44. Nf4 Qxa2 45. Nh5 Rf7 46. Re8
b5 47. Nf4 Qd2 48. Ng6 Kh7 49. Qe6 1-0

[Event "VII C.to Italiano U20"]
[Site "Laveno-Mombello ITA"]
[Date "1999.08.14"]
[Round "4"]
[White "Cardarelli, Angelo"]
[Black "Tomba, Ivan"]
[Result "0-1"]
[WhiteElo "1633"]
[BlackElo "2010"]
[PlyCount "76"]
[EventDate "1999.08.11"]

1. e4 c5 2. Nf3 d6 3. d4 cxd4 4. Nxd4 Nf6 5. Nc3 a6 6. a4 e6 7. Be3 Nc6 8. Be2
Be7 9. O-O O-O 10. Kh1 Qc7 11. f4 Bd7 12. Nb3 Na5 13. Bd4 Nxb3 14. cxb3 e5 15.
Be3 Bc6 16. Rc1 Qd7 17. Bf3 b5 18. a5 Qb7 19. fxe5 dxe5 20. Bg5 Rfd8 21. Qc2
Rac8 22. Bxf6 Bxf6 23. Rfd1 Rxd1+ 24. Qxd1 Bg5 25. Rc2 Rd8 26. Qe1 Rd3 27. Nd5
Bxd5 28. exd5 Re3 29. Qf2 e4 30. Bg4 g6 31. d6 Rd3 32. d7 f5 33. Rc8+ Kf7 34.
h4 Qxd7 35. Ra8 Be3 36. Qc2 fxg4 37. Rc8 Rd1+ 38. Kh2 Bf4+ 0-1

[Event "VII C.to Italiano U20"]
[Site "Laveno-Mombello ITA"]
[Date "1999.08.14"]
[Round "4"]
[White "Coratella, Giuseppe"]
[Black "Castaldo, Folco"]
[Result "1-0"]
[WhiteElo "2098"]
[BlackElo "2225"]
[PlyCount "125"]
[EventDate "1999.08.11"]

1. e4 e6 2. d4 d5 3. e5 c5 4. c3 Qb6 5. Nf3 Nc6 6. a3 Nh6 7. b4 cxd4 8. cxd4
Nf5 9. Bb2 Bd7 10. g4 Nh6 11. h3 f6 12. exf6 gxf6 13. Nc3 Nf7 14. Rc1 Bh6 15.
Na4 Qd8 16. Rc3 O-O 17. Nc5 Nd6 18. Bc1 Bg7 19. Re3 Qe7 20. Bg2 b6 21. Nxd7
Qxd7 22. O-O Ne4 23. Rfe1 Rae8 24. Bb2 Nd8 25. Nh4 Bh6 26. R3e2 f5 27. Nf3 Qg7
28. Ne5 Bf4 29. f3 Ng3 30. Rc2 h5 31. Bc1 Bxe5 32. dxe5 hxg4 33. fxg4 Ne4 34.
Bb2 Re7 35. gxf5 exf5 36. Qxd5+ Ne6 37. Qb3 Kh7 38. Kh2 N6g5 39. Rce2 Qh6 40.
Qe3 Qh4 41. Rf1 Ref7 42. Rf4 Qh5 43. Rc2 Kg8 44. Bf1 Ne6 45. Bc4 N4g5 46. Rg2
Kh7 47. Rxg5 Nxg5 48. Bxf7 Rxf7 49. e6 Rc7 50. Rf2 Qh4 51. Bf6 f4 52. Qd3+ Kh6
53. Kg2 Qh5 54. Rxf4 Rc2+ 55. Qxc2 Qxh3+ 56. Kg1 Qe3+ 57. Rf2 Nf3+ 58. Kh1 Qe1+
59. Kg2 Qg1+ 60. Kxf3 Qh1+ 61. Ke3 Qh3+ 62. Rf3 Qxe6+ 63. Kf2 1-0

[Event "VII C.to Italiano U20"]
[Site "Laveno-Mombello ITA"]
[Date "1999.08.14"]
[Round "4"]
[White "De Bortoli, Peter"]
[Black "Jovanovic, Zoran"]
[Result "0-1"]
[WhiteElo "2225"]
[BlackElo "2310"]
[PlyCount "88"]
[EventDate "1999.08.11"]

1. e4 c5 2. Nf3 d6 3. d4 cxd4 4. Nxd4 Nf6 5. Nc3 Nc6 6. Bb5 Bd7 7. O-O e6 8.
Bg5 Be7 9. Qd2 h6 10. Bh4 O-O 11. Bg3 Nh5 12. Rad1 Nxg3 13. hxg3 a6 14. Be2 Rc8
15. Nxc6 Bxc6 16. Bf3 Qc7 17. Ne2 Bb5 18. c3 Bc4 19. a3 Rfd8 20. Qf4 Bg5 21.
Qg4 Qb6 22. Ra1 e5 23. b4 Be6 24. Qh5 g6 25. Qh2 Kg7 26. Rfd1 h5 27. Rab1 Qb5
28. Kh1 Bc4 29. Ng1 Bd3 30. a4 Qc4 31. Ra1 Bxe4 32. Bxe4 Qxe4 33. Nf3 Bh6 34.
Re1 Qg4 35. Rad1 f6 36. Rd3 d5 37. Red1 Qc4 38. Nh4 a5 39. Qh3 Rc6 40. b5 Rcd6
41. f4 exf4 42. gxf4 Bxf4 43. Re1 Be5 44. Nxg6 Kxg6 0-1

[Event "VII C.to Italiano U20"]
[Site "Laveno-Mombello ITA"]
[Date "1999.08.14"]
[Round "4"]
[White "Drabke, Lorenz Maximilian"]
[Black "Ibba, Isacco"]
[Result "1-0"]
[WhiteElo "2102"]
[BlackElo "1786"]
[PlyCount "119"]
[EventDate "1999.08.11"]

1. g3 d5 2. Bg2 e5 3. c4 c6 4. cxd5 cxd5 5. d4 e4 6. Nc3 Nc6 7. Nh3 Nf6 8. Bg5
Bd6 9. O-O Be6 10. Nf4 Bxf4 11. gxf4 O-O 12. e3 Ne7 13. f3 Nf5 14. Qe2 exf3 15.
Bxf3 Qd7 16. Bxf6 gxf6 17. Kh1 Kh8 18. Rg1 Rg8 19. Rxg8+ Rxg8 20. Rg1 Nh4 21.
Rxg8+ Kxg8 22. Bh5 Bh3 23. Qf2 Ng6 24. Bf3 Ne7 25. Kg1 b6 26. Qg3+ Kh8 27. Qh4
Kg7 28. Qg3+ Kh8 29. Bh5 Ng6 30. Kf2 Qf5 31. Bd1 Qd7 32. Bb3 Ne7 33. Qh4 Kg7
34. Qg3+ Kh8 35. Qf3 Bg4 36. Qg2 Bh3 37. Qh1 Qg4 38. Qf3 Qxf3+ 39. Kxf3 Be6 40.
f5 Bxf5 41. Nxd5 Nxd5 42. Bxd5 Be6 43. Bxe6 fxe6 44. Kg4 Kg7 45. Kh5 h6 46. e4
f5 47. exf5 exf5 48. Kh4 Kf6 49. Kg3 Ke6 50. Kf4 Kd5 51. Kxf5 Kxd4 52. h4 b5
53. h5 b4 54. Kg6 Ke5 55. Kxh6 Kf6 56. Kh7 Kf7 57. Kh6 Kf6 58. Kh7 Kf7 59. h6
a6 60. a4 1-0

[Event "VII C.to Italiano U20"]
[Site "Laveno-Mombello ITA"]
[Date "1999.08.14"]
[Round "4"]
[White "Ferro, Mario"]
[Black "Galli, Fabio"]
[Result "1-0"]
[WhiteElo "1807"]
[BlackElo "2158"]
[PlyCount "116"]
[EventDate "1999.08.11"]

1. e4 e6 2. d4 d5 3. e5 c5 4. c3 Nc6 5. Nf3 Qb6 6. Be2 cxd4 7. cxd4 Nge7 8. b3
Nf5 9. Bb2 Bb4+ 10. Kf1 Qd8 11. h4 h5 12. Na3 Be7 13. g3 g6 14. Nc2 f6 15. Bb5
Bd7 16. Qe1 a6 17. Bxc6 bxc6 18. exf6 Bxf6 19. Ne5 Rg8 20. Nb4 Qb6 21. Rc1 Bxe5
22. dxe5 c5 23. Nd3 Bb5 24. Qc3 d4 25. Qd2 Qc6 26. Kg1 Bxd3 27. Qxd3 Kf7 28.
Qc4 Rgc8 29. Kh2 Qd5 30. Rhe1 Qf3 31. Rc2 Nh6 32. Rd2 Ng4+ 33. Kg1 Qf5 34. Qd3
Qxd3 35. Rxd3 a5 36. Bc1 Kg7 37. Re4 Nh6 38. Bxh6+ Kxh6 39. Rf4 Kg7 40. Rf6 Rc6
41. Kf1 Rb6 42. Rdf3 Ra7 43. g4 hxg4 44. R3f4 a4 45. Rxg4 axb3 46. axb3 Rxb3
47. Rxe6 d3 48. Rgxg6+ Kh7 49. Rh6+ Kg7 50. Reg6+ Kf8 51. e6 Rb1+ 52. Kg2 d2
53. Rh8+ Ke7 54. Rh7+ Kf8 55. Rxa7 Rg1+ 56. Kxg1 d1=Q+ 57. Kg2 Qd5+ 58. f3 Qa2+
1-0

[Event "VII C.to Italiano U20"]
[Site "Laveno-Mombello ITA"]
[Date "1999.08.14"]
[Round "4"]
[White "Galioto, Natale"]
[Black "Ganci, Fabrizio"]
[Result "1/2-1/2"]
[WhiteElo "1934"]
[BlackElo "1669"]
[PlyCount "83"]
[EventDate "1999.08.11"]

1. e4 e6 2. d4 d5 3. Nd2 Nf6 4. e5 Nfd7 5. Bd3 c5 6. c3 Nc6 7. Ndf3 f6 8. exf6
Nxf6 9. Ne2 Bd6 10. O-O cxd4 11. cxd4 O-O 12. Re1 e5 13. dxe5 Nxe5 14. Nxe5
Bxe5 15. Ng3 Qd6 16. Be2 Be6 17. Bf3 Rac8 18. Bg5 Kh8 19. Qe2 Bxg3 20. hxg3
Rce8 21. Bxf6 Rxf6 22. Rad1 Bf7 23. Qb5 Qc6 24. Rxe8+ Bxe8 25. Qxd5 h6 26. Qd8
Qb5 27. a4 Qe5 28. Rd7 Qe1+ 29. Kh2 Rxf3 30. Re7 Qxf2 31. Rxe8+ Kh7 32. Rh8+
Kg6 33. Qe8+ Rf7 34. Rf8 Qf5 35. Rxf7 Qxf7 36. Qe4+ Kg5 37. Qe3+ Kf5 38. g4+
Kxg4 39. Qh3+ Kg5 40. Qg3+ Kf5 41. Qd3+ Kg5 42. Qg3+ 1/2-1/2

[Event "VII C.to Italiano U20"]
[Site "Laveno-Mombello ITA"]
[Date "1999.08.14"]
[Round "4"]
[White "Genocchio, Daniele"]
[Black "Mazzilli, Piero"]
[Result "1/2-1/2"]
[WhiteElo "2291"]
[BlackElo "2131"]
[PlyCount "91"]
[EventDate "1999.08.11"]

1. f4 d5 2. Nf3 g6 3. g3 Bg7 4. Bg2 Nf6 5. O-O O-O 6. d3 Nc6 7. Nc3 d4 8. Ne4
Nd5 9. Bd2 f5 10. Neg5 h6 11. Nh3 Kh7 12. Qc1 e6 13. c4 dxc3 14. bxc3 b5 15.
Rb1 Rb8 16. e4 fxe4 17. dxe4 Nb6 18. e5 Ne7 19. Rd1 Qe8 20. Nd4 a6 21. Nf2 Nc4
22. Ne4 Nf5 23. Nb3 Rf7 24. Nbc5 Bf8 25. Bh1 Be7 26. g4 Qf8 27. Nd3 Ba3 28. Qc2
Nfe3 29. Bxe3 Nxe3 30. Qe2 Nxd1 31. Rxd1 Be7 32. g5 hxg5 33. fxg5 Bb7 34. Nf6+
Bxf6 35. exf6 Bxh1 36. Ne5 Bd5 37. Qe3 Rxf6 38. gxf6 Qxf6 39. Nd7 Qd8 40. Nxb8
Qxb8 41. Qe5 Qd8 42. a4 c6 43. Rd4 Qe7 44. Qe3 Qf6 45. a5 Qf5 46. Rh4+ 1/2-1/2

[Event "VII C.to Italiano U20"]
[Site "Laveno-Mombello ITA"]
[Date "1999.08.14"]
[Round "4"]
[White "Lapiccirella, Daniele"]
[Black "Loetscher, Roland"]
[Result "0-1"]
[WhiteElo "1891"]
[BlackElo "2209"]
[PlyCount "44"]
[EventDate "1999.08.11"]

1. d4 Nf6 2. c4 c5 3. d5 e6 4. Nc3 exd5 5. cxd5 d6 6. e4 g6 7. f4 Bg7 8. Nf3
O-O 9. Be2 Re8 10. Nd2 Na6 11. O-O Nc7 12. Re1 Rb8 13. a4 a6 14. a5 Bd7 15. Bc4
Nb5 16. Qc2 Ng4 17. Nf1 Bf5 18. Kh1 Nxc3 19. bxc3 Bxe4 20. Qd2 h5 21. h3 Qh4
22. Kg1 Bxc3 0-1

[Event "VII C.to Italiano U20"]
[Site "Laveno-Mombello ITA"]
[Date "1999.08.14"]
[Round "4"]
[White "Mariano, Elia"]
[Black "Costantini, Roberto"]
[Result "0-1"]
[WhiteElo "2235"]
[BlackElo "2196"]
[PlyCount "74"]
[EventDate "1999.08.11"]

1. d4 Nf6 2. c4 c5 3. d5 b5 4. cxb5 a6 5. bxa6 g6 6. Nc3 Bxa6 7. g3 Bg7 8. Bg2
d6 9. Rb1 Nbd7 10. a4 Ne5 11. b3 O-O 12. Nh3 Qd7 13. O-O Rfb8 14. Qc2 Ra7 15.
Re1 Qf5 16. Qa2 Rab7 17. f4 Neg4 18. Bd2 Qc8 19. Nd1 Bc4 20. bxc4 Rxb1 21. Qc2
Qa6 22. a5 Ra1 23. Nhf2 Rbb1 24. Nd3 e6 25. h3 Nh6 26. dxe6 fxe6 27. e4 Nd7 28.
Kh2 Nf7 29. Nc1 Rb8 30. Nc3 Qxc4 31. Bf1 Qd4 32. Kg2 Qf6 33. Nb3 Rxe1 34. Bxe1
Rc8 35. a6 Qd8 36. Nb5 c4 37. Nd2 Qb6 0-1

[Event "VII C.to Italiano U20"]
[Site "Laveno-Mombello ITA"]
[Date "1999.08.14"]
[Round "4"]
[White "Pavanello, Diego"]
[Black "Lorusso, Giuseppe"]
[Result "0-1"]
[WhiteElo "1609"]
[BlackElo "1528"]
[PlyCount "96"]
[EventDate "1999.08.11"]

1. e4 c5 2. d3 Nc6 3. g3 e6 4. Bg2 a6 5. Nf3 d6 6. O-O Nge7 7. c3 g6 8. Bg5 Bg7
9. Qd2 h6 10. Be3 b6 11. d4 cxd4 12. cxd4 d5 13. e5 Nf5 14. Nc3 Nxe3 15. Qxe3
Bd7 16. Nh4 Ne7 17. f4 b5 18. Ne2 b4 19. Rac1 Qb6 20. Rc5 O-O 21. g4 Rac8 22.
Rfc1 Rxc5 23. Rxc5 Rc8 24. Qc1 Rxc5 25. dxc5 Qa5 26. Nd4 Nc6 27. Nhf3 Bf8 28.
Kh1 Nxd4 29. Nxd4 Qxc5 30. Qd2 Qc4 31. b3 Qc3 32. Qd1 Bc5 33. Ne2 Qb2 34. Nc1
Qd4 35. Qxd4 Bxd4 36. Nd3 a5 37. f5 gxf5 38. gxf5 Be3 39. fxe6 fxe6 40. Bf3 Be8
41. Kg2 Bg6 42. Be2 Bxd3 43. Bxd3 Bf4 44. h3 Kf7 45. Kf3 Bxe5 46. Kg4 Ke7 47.
Kf3 Kd6 48. Ke3 Bf6 0-1

[Event "VII C.to Italiano U20"]
[Site "Laveno-Mombello ITA"]
[Date "1999.08.14"]
[Round "4"]
[White "Pelosin, Matteo"]
[Black "Iafelice, Vincenzo"]
[Result "1/2-1/2"]
[WhiteElo "1606"]
[BlackElo "1741"]
[PlyCount "110"]
[EventDate "1999.08.11"]

1. e4 e5 2. Nf3 Nc6 3. Bc4 Bc5 4. b4 Bxb4 5. c3 Ba5 6. d4 d6 7. Qb3 Qd7 8. O-O
Nf6 9. dxe5 Ng4 10. exd6 cxd6 11. Ba3 O-O 12. Rd1 Bc7 13. Bb5 a6 14. Bxc6 Qxc6
15. e5 Be6 16. Qc2 Rfd8 17. Ng5 g6 18. Nxe6 fxe6 19. exd6 Bxd6 20. Bxd6 Rxd6
21. Nd2 Rad8 22. Nf3 Qc5 23. Re1 b5 24. h3 Nf6 25. Qb3 Nd5 26. Rac1 Nc7 27. Nd4
Re8 28. Nf3 Rf8 29. Re5 Rd5 30. Re3 Qd6 31. Ree1 Ne8 32. c4 Rd3 33. Rxe6 Qd7
34. Re7 Qd8 35. Qb4 Rd1+ 36. Rxd1 Qxd1+ 37. Re1 Qd7 38. c5 Nc7 39. Qb3+ Qd5 40.
Re7 Qxb3 41. axb3 Nd5 42. Rd7 Nb4 43. Ne5 Rc8 44. Rd4 Rxc5 45. Nxg6 hxg6 46.
Rxb4 Kg7 47. Re4 Rc1+ 48. Kh2 Rc3 49. b4 Rc4 50. Re6 Rxb4 51. Rxa6 Rb1 52. Rb6
b4 53. Kg3 b3 54. h4 b2 55. Rb4 Kf6 1/2-1/2

[Event "VII C.to Italiano U20"]
[Site "Laveno-Mombello ITA"]
[Date "1999.08.14"]
[Round "4"]
[White "Rouchouse, Stevens"]
[Black "Trentini, Danilo"]
[Result "1-0"]
[WhiteElo "2198"]
[BlackElo "2100"]
[PlyCount "49"]
[EventDate "1999.08.11"]

1. e4 c6 2. d4 d5 3. e5 Bf5 4. Nf3 e6 5. Be2 c5 6. c4 dxc4 7. Nc3 Nc6 8. Be3
cxd4 9. Nxd4 Nge7 10. Ndb5 Nd5 11. O-O Nd4 12. Nxd4 Bd3 13. Bxd3 cxd3 14. Qg4
h5 15. Qg3 h4 16. Qg4 h3 17. Bg5 Qb6 18. Rad1 hxg2 19. Kxg2 Bc5 20. Rxd3 Bxd4
21. Rxd4 Qc6 22. Kg1 f5 23. exf6 gxf6 24. Bxf6 Rf8 25. Bh4 1-0

[Event "VII C.to Italiano U20"]
[Site "Laveno-Mombello ITA"]
[Date "1999.08.14"]
[Round "4"]
[White "Sedani, Elisa"]
[Black "Arnetta, Maria Teresa"]
[Result "0-1"]
[WhiteElo "1479"]
[BlackElo "1792"]
[PlyCount "26"]
[EventDate "1999.08.11"]

1. e4 c5 2. Nf3 e6 3. d4 cxd4 4. Nxd4 Nf6 5. Nc3 Bb4 6. Bd3 Nc6 7. Nde2 d5 8.
Bd2 O-O 9. O-O d4 10. Nb5 e5 11. f4 Bxd2 12. fxe5 Be3+ 13. Kh1 Ng4 0-1

[Event "VII C.to Italiano U20"]
[Site "Laveno-Mombello ITA"]
[Date "1999.08.14"]
[Round "4"]
[White "Serio, Danilo"]
[Black "Giovannini, Gabriele"]
[Result "1-0"]
[WhiteElo "1588"]
[BlackElo "1458"]
[PlyCount "75"]
[EventDate "1999.08.11"]

1. e4 e5 2. Nf3 Nc6 3. d4 exd4 4. Bc4 Bc5 5. c3 Nf6 6. cxd4 Bb4+ 7. Bd2 Nxe4 8.
Bxb4 Nxb4 9. Bxf7+ Kf8 10. O-O d5 11. Qb3 Qd6 12. Nc3 Bf5 13. Nxe4 Bxe4 14. Ne5
g6 15. f3 Bf5 16. g4 Nc2 17. gxf5 Nxa1 18. Rxa1 gxf5 19. Qd3 Kg7 20. Qxf5 Rhf8
21. Kf2 Qe7 22. Rg1+ Kh8 23. Qh5 Qf6 24. Ng6+ Kg7 25. Nxf8+ Kxf8 26. Rg8+ Ke7
27. Qe5+ Qxe5 28. dxe5 Rxg8 29. Bxg8 d4 30. Ke2 c5 31. Kd3 h6 32. f4 Kd7 33. f5
Ke7 34. Bd5 b6 35. f6+ Kf8 36. e6 Ke8 37. e7 Kd7 38. Bc6+ 1-0

[Event "VII C.to Italiano U20"]
[Site "Laveno-Mombello ITA"]
[Date "1999.08.15"]
[Round "5"]
[White "Arnetta, Maria Teresa"]
[Black "Pelosin, Matteo"]
[Result "1-0"]
[WhiteElo "1792"]
[BlackElo "1606"]
[PlyCount "58"]
[EventDate "1999.08.11"]

1. e4 e6 2. d4 d5 3. Nd2 Nf6 4. e5 Nfd7 5. Bd3 c5 6. c3 Nc6 7. Ne2 Qb6 8. Nf3
f6 9. exf6 Nxf6 10. O-O Bd6 11. dxc5 Bxc5 12. Ned4 O-O 13. a3 Bd7 14. Re1 Rae8
15. b4 Bd6 16. Nb5 Bb8 17. Be3 Qd8 18. Bc5 Rf7 19. Nd6 Bxd6 20. Bxd6 Bc8 21.
Bg3 a6 22. Qc2 g6 23. a4 Nd7 24. Bh4 Qb6 25. Ng5 Rfe7 26. Bxg6 hxg6 27. Qxg6+
Kh8 28. Nf7+ Rxf7 29. Qxf7 Rg8 1-0

[Event "VII C.to Italiano U20"]
[Site "Laveno-Mombello ITA"]
[Date "1999.08.15"]
[Round "5"]
[White "Biasoli, Marco"]
[Black "Serio, Danilo"]
[Result "0-1"]
[WhiteElo "1600"]
[BlackElo "1588"]
[PlyCount "46"]
[EventDate "1999.08.11"]

1. e4 e5 2. Nf3 Nc6 3. Bc4 Bc5 4. d3 h6 5. O-O d6 6. Nbd2 Nf6 7. a3 Bg4 8. Qe1
Nh5 9. b4 Bd4 10. Rb1 Bc3 11. Qe3 Nd4 12. Nxd4 Bxd4 13. Qe1 Nf4 14. Kh1 Qg5 15.
g3 Bh3 16. Rg1 Nh5 17. Qe2 Qg6 18. Nf3 Bg4 19. Nxd4 Bxe2 20. Nxe2 Qg4 21. d4
Qxe4+ 22. Rg2 exd4 23. Bb2 Qxe2 0-1

[Event "VII C.to Italiano U20"]
[Site "Laveno-Mombello ITA"]
[Date "1999.08.15"]
[Round "5"]
[White "Castaldo, Folco"]
[Black "Lapiccirella, Daniele"]
[Result "1-0"]
[WhiteElo "2225"]
[BlackElo "1891"]
[PlyCount "35"]
[EventDate "1999.08.11"]

1. e4 c5 2. Nc3 e6 3. f4 Nc6 4. Nf3 Nge7 5. d4 cxd4 6. Nxd4 Nxd4 7. Qxd4 Nc6 8.
Qf2 Bb4 9. Bd3 O-O 10. O-O a6 11. Be3 Bxc3 12. bxc3 d5 13. Bb6 Qd7 14. e5 Ne7
15. Qh4 Ng6 16. Qh5 Re8 17. Rf3 Nf8 18. Bxh7+ 1-0

[Event "VII C.to Italiano U20"]
[Site "Laveno-Mombello ITA"]
[Date "1999.08.15"]
[Round "5"]
[White "Costantini, Roberto"]
[Black "Cacco, Christian"]
[Result "1-0"]
[WhiteElo "2196"]
[BlackElo "2292"]
[PlyCount "93"]
[EventDate "1999.08.11"]

1. e4 c5 2. Nf3 Nc6 3. Nc3 g6 4. d4 cxd4 5. Nxd4 Bg7 6. Be3 d6 7. f3 Nf6 8. Qd2
Bd7 9. O-O-O Rc8 10. Kb1 Ne5 11. g4 h6 12. h4 a6 13. Rg1 b5 14. g5 hxg5 15.
hxg5 Nh5 16. Be2 Nc4 17. Bxc4 Rxc4 18. Nde2 b4 19. Nd5 Be6 20. Nef4 Bxd5 21.
Nxd5 Qb8 22. Qd3 Rc6 23. Bd4 e5 24. Be3 Qb7 25. Qb3 a5 26. Qa4 Kd7 27. Qxa5 Rb8
28. Qa7 Qxa7 29. Bxa7 Rb7 30. Be3 Bf8 31. Rd3 Ng7 32. Rb3 Ne6 33. Rxb4 Kc8 34.
Rxb7 Kxb7 35. Rh1 Nc7 36. Nc3 Ne6 37. Rh7 Rc7 38. Nd5 Rd7 39. b3 Kc6 40. Kb2
Be7 41. Nxe7+ Rxe7 42. c3 Rb7 43. Rh8 f5 44. gxf6 Rf7 45. Rh3 Rxf6 46. a4 Nc7
47. c4 1-0